00926nam a22002057a 450000500170000000800410001702000150005805000180007324500900009125000110018126000980019230000340029050400390032461101500036365000380051365000670055170000360061870000330065470000330068720221103104423.0221103b mx ||||| |||| 00| 0 spa d a968621602204aTP5bA93 199100aAvances en ingeniería química 1991c / editores Ricardo Lobo Oehmichen...[et al.] a1a ed. aMéxico : bAcademia Mexicana de Investigación y Docencia en Ingeniería Química,c1991 axvii, 320 p. :bil. ;c27 cm. aIncluye bibliografía e índices2 aEncuentro Nacional de la Asociación Mexicana de Investigación y Docencia en Ingeniería Químican(12o :d Universidad Veracruzana, Jalapa) 4aIngeniería químicavCongresos 4aIngeniería químicaxInnovaciones tecnológicasvCongresos1 aLobo Oehmichen, Ricardoeeditor1 aOchoa Tapia, Albertoeeditor1 aLeyva Ramos, Robertoeeditor